2 Truths 1 Lie: Multiple Choice - Statistics

General Stats
  • This quiz has been taken 50 times
  • The average score is 5 of 10
Answer Stats
Question Answer % Correct
Music No instrument falls under 2 musical instrument classifications at once (string, brass etc.)
60%
Vocabulary “Zany” is used to describe optimism
60%
Geography The mesosphere is the lowest layer of the atmosphere
55%
Languages Swedish, Norwegian and Finnish are within the same language group
50%
Soccer/English Football As of 2024, no side currently outside the respective top divisions of European football leagues has won the Champions League/European Cup
45%
Science Generally, covalent bonds are stronger than ionic bonds
45%
Countries Mongolia is the largest landlocked country
45%
Cities Rio de Janeiro is Brazil’s most populous city
45%
Literature A Caesura is an element of prose
40%
Mathematics None of the 7 million-dollar problems have been solved as of 2024
30%
No matching quizzes found
Score Distribution
Percent of People with Each Score
Percentile by Number Answered
Your Score History
You have not taken this quiz